| 000 | 00643cam a22002293a 4500 | ||
|---|---|---|---|
| 001 | 16065 | ||
| 003 | PGUSA | ||
| 005 | 20140828083337.0 | ||
| 008 | 050614s2005||||xxu|||||s|||||000 | eng d | ||
| 040 |
_aPGUSA _beng |
||
| 042 | _adc | ||
| 050 | 4 | _aPS | |
| 100 | 1 |
_aLeavitt, Thad. W. H. _q(Thaddeus William Henry), _d-1909 |
|
| 245 | 1 | 0 |
_aWise or Otherwise _h[electronic resource] / _cThad. W. H. Leavitt |
| 260 |
_bProject Gutenberg, _c2005 |
||
| 506 | _aPublic domain in the USA. | ||
| 516 | _aElectronic text | ||
| 653 | _aMaxims | ||
| 830 | 0 |
_aProject Gutenberg _v16065 |
|
| 856 | 4 | 0 | _uhttp://www.gutenberg.org/ebooks/16065 |
| 942 | _cEB | ||
| 999 |
_c245320 _d245320 |
||